ඓතිහාසික රත්මලාන /
Aithihasika Rathmalana
Saved in:
| Main Author: | |
|---|---|
| Format: | Book |
| Published: |
කොළඹ :
ඇස්. ගොඩගේ,
2025.
|
| Subjects: | |
| Tags: |
Add Tag
No Tags, Be the first to tag this record!
|
MARC
| LEADER | 00000nam a2200000 4500 | ||
|---|---|---|---|
| 003 | LK-CoNLD | ||
| 005 | 20251024141844.0 | ||
| 008 | 250909b |||||||| |||| 00| 0 ||| d | ||
| 015 | |2 slnb |a slnb202508 | ||
| 017 | |a 502527 |b LK-CoDNA | ||
| 020 | |a 9786240029919 | ||
| 040 | |a LK-CoNLD |b SIN |c LK-CoNLD |d LK-CoNLD | ||
| 082 | |2 23 |q LK-CoNLD |a 954.93 | ||
| 100 | |a හෙට්ටිආරච්චි, සමරවීර |9 56184 | ||
| 245 | |6 880-1 |a ඓතිහාසික රත්මලාන / |c සමරවීර හෙට්ටිආරච්චි. | ||
| 260 | |a කොළඹ : |b ඇස්. ගොඩගේ, |c 2025. | ||
| 300 | |a පි. 68 : ඡායාරූප ; |c සෙමී. 21. |b මැබැ-බෝක : රු. 375.00 | ||
| 650 | 0 | |a ශ්රී ලංකාව- රත්මලාන-- ඉතිහාසය |9 90965 | |
| 650 | 0 | |a රත්මලාන- බස්නාහිර පළාත-ශ්රී ලංකාව |9 90966 | |
| 880 | |6 245-1 |a Aithihasika Rathmalana | ||
| 942 | |c BOOK | ||
| 945 | |a 18246 |b Chamari MUTHUMALI |c 12 |d Thilosha LIYANAGE | ||
| 999 | |c 292446 |d 292446 | ||